Za drevo hlavu na klát?

Problémy medzi dodávateľmi dreva a jeho spracovateľmi na Slovensku. Výhrady spracovateľov. Výhrady dodávateľov. Chýbajúce pravidlá a legislatíva.

Guardado en:
Detalles Bibliográficos
Autor principal: Bieliková, Iveta
Formato: Capítulo de libro
Lenguaje:eslovaco
Materias:
Etiquetas: Agregar Etiqueta
Sin Etiquetas, Sea el primero en etiquetar este registro!

MARC

LEADER 00000naa a2200000 4500
001 r043903
005 20230920074044.0
041 0 |a slo 
044 |a SK 
245 1 0 |a Za drevo hlavu na klát?  |c Iveta Bieliková 
520 |a Problémy medzi dodávateľmi dreva a jeho spracovateľmi na Slovensku. Výhrady spracovateľov. Výhrady dodávateľov. Chýbajúce pravidlá a legislatíva. 
610 2 0 |a priemysel drevársky 
610 2 0 |a priemysel spracovateľský 
610 2 0 |a drevo 
610 2 0 |a lesníctvo 
610 2 0 |a dodávatelia 
610 2 0 |a Slovensko 
100 1 |a Bieliková, Iveta